Design of pressure
Պահպանված է:
| Հիմնական հեղինակ: | |
|---|---|
| Ձևաչափ: | Գիրք |
| Լեզու: | անգլերեն |
| Հրապարակվել է: |
Boca Raton, FL
2021
|
| Ցուցիչներ: |
Ավելացրեք ցուցիչ
Չկան պիտակներ, Եղեք առաջինը, ով նշում է այս գրառումը!
|
MARC
| LEADER | 00000nam a22000007a 4500 | ||
|---|---|---|---|
| 008 | 240729b |||||||| |||| 00| 0 eng d | ||
| 020 | |a 9780367550646 | ||
| 100 | |a GADDAM, Subhash Reddy | ||
| 245 | |a Design of pressure |c / Subhash Reddy Gaddam. |g xv, 234p:ill | ||
| 260 | |b Boca Raton, FL |c 2021 |h CRC Press |i 702469 |i 702470 |l TA660.T34G11 |m Pressure vessels--Design and construction. | ||
| 500 | |a Includes bibliographical references and index | ||
| 942 | |a lcc |c BK |e Johnson |f 29/07/24 | ||
| 952 | |0 0 |1 0 |2 lcc |4 0 |6 TA0660 T34 G11 |7 0 |9 5416 |a TL |b HOL |c QZ |d 2024-07-29 |l 0 |o TA660.T34G11 |p 2024-0657 |r 2024-07-29 00:00:00 |t 702469 |w 2024-07-29 |y BK | ||
| 952 | |0 0 |1 0 |2 lcc |4 0 |6 TA0660 T34 G11 |7 0 |9 5417 |a HOL |b HOL |c QZ |d 2024-07-29 |l 0 |o TA660.T34G11 |p 2024-0658 |r 2024-07-29 00:00:00 |t 702470 |w 2024-07-29 |y BK | ||
| 999 | |c 2679 |d 2679 | ||